000 01150nam0a2200313 4500
001 RU\NLR\BIBL_A\012116584
005 20240921180411.0
010 _a9785995510215
_91000
021 _aRU
_b2019-70081
_9КН-П-5056
035 _a(RuMoRGB)010096289
035 _a(NLR Aleph) 012116584
090 _a11970981
_c11970981
100 _a20191010d2019 k y0rusy50 ca
101 0 _arus
102 _aRU
105 _aabzzzz0|||1yd
200 1 _aСражение в Яванском море. Падение Голландской Ост-Индии
_fБорис Муленко
210 _aМосква
_cЯуза
_d2019
215 _a95 с., [2] л. цв. карт.
_cил.
_d27
225 1 _aВойна на море
320 _aБиблиогр. в подстроч. примеч.
333 _a16+
606 1 _aВторая мировая война
_yТихоокеанский театр военных действий
_z1939 - 1945
_z1941 - 1942
_92488572
_3RU\NLR\AUTH\661476777
686 1 _aЦ35(0)623.4
700 1 _aМуленко
_bБ.
_gБорис
942 _cBOOK
980 _aNBR